000 01051nmm a2200289 a 4500
001 ocm000608622
003 TR-IsHL
005 20201028132237.0
008 131030s2009 tu tur
007 cr cn
020 _a9789756186466
035 _a608622
_b(N$T)
050 0 4 _aPL49.9.Y87
_bM8 2009
090 0 4 _aPL49.9.Y87
_bM8 2009
100 1 _aYusuf Has Hacip
245 1 0 _aMutluluğun elkitabı seçmeler: kutadgu bilig
_h[electronic resource] /
_cYusuf Has Hacip
260 _aİstanbul :
_bTürk Edebiyatı Vakfı Yayınları,
_c2009
300 _a160 p.
650 4 _aDil ve Edebiyat
650 4 _aLanguage and Literature
650 0 _aUygur (Türkler) - Tarih
650 0 _aUighur (Turkic people)
_x History
650 0 _aYusuf Has Hacip
_x 11. yüzyıl - Siyasi ve sosyal görüşleri
650 0 _aYusuf, Khass-Hajib
_x 11th century
_x Political and social views
650 7 _aPOLITICAL SCIENCE / General
_2bisacsh
856 4 0 _uhttp://search.ebscohost.com/login.aspx?direct=true&scope=site&db=e011xww&AN=608622
999 _c4990
_d4990